Sestry Springovy /

Meredith je manželka amerického vojáka nasazeného v Iráku a vychovává čtyři dcery ve věku od 12 do 19 let. Každá z nich je jiná, má jiné touhy, jiné starosti. Náročné období nastane, když je jejich táta v Iráku zraněn.

Main Author: Todd, Anna
Other Authors: Faltejsková, Lenka, 1974-
Language: Czech
Published: Praha : Euromedia Group, 2019
Edition: Vydání první
Series: Yoli
Physical Description: 366 stran ; 20 cm
Book
Saved in:
LEADER 02854nam a2200505 i 4500
001 nkc20193094945
003 CZ PrNK
005 20190909083435.0
007 ta
008 190808s2019 xr g 000 f cze
015 |a cnb003094945 
020 |a 978-80-7617-597-6  |q (brožováno) :  |c Kč 299,00 
035 |a (OCoLC)1119020539 
040 |a ABG001  |b cze  |e rda 
041 1 |a cze  |h eng 
072 7 |a 821.111(73)-3  |x Americká próza  |2 Konspekt  |9 25 
072 7 |a 821-93  |x Literatura pro děti a mládež (beletrie)  |2 Konspekt  |9 26 
080 |a 821.111(73)-31  |2 MRF 
080 |a 821-93  |2 MRF 
080 |a (0:82-31)-055.25  |2 MRF 
100 1 |a Todd, Anna  |7 kv2015884065  |4 aut 
240 1 0 |a Spring girls.  |l Česky 
245 1 0 |a Sestry Springovy /  |c Anna Todd ; z anglického originálu The Spring girls ... přeložila Lenka Faltejsková 
250 |a Vydání první 
264 1 |a Praha :  |b Euromedia Group,  |c 2019 
300 |a 366 stran ;  |c 20 cm 
336 |a text  |b txt  |2 rdacontent 
337 |a bez média  |b n  |2 rdamedia 
338 |a svazek  |b nc  |2 rdacarrier 
490 1 |a Yoli 
520 2 |a Meredith je manželka amerického vojáka nasazeného v Iráku a vychovává čtyři dcery ve věku od 12 do 19 let. Každá z nich je jiná, má jiné touhy, jiné starosti. Náročné období nastane, když je jejich táta v Iráku zraněn.  |b Děvčata Springova vyrůstají na vojenské základně v New Orleans. Každá ze sester je úplně jiná a všechny dohromady představují živelnou pohromu. Nejstarší Meg se touží vdát za důstojníka a žít jako tolik dalších žen, které obdivuje. Beth je největší dříč z rodiny a jejím posláním je o všechny pečovat. Jo by nejraději rovnou odmaturovala. Sní o životě v New Yorku a novinářské kariéře. A nejmladší Amy pozoruje své sestry a učí se od nich. V dobrém i ve zlém. Když jejich tátu nasadí do války v Iráku, i přes všechny rozdíly zažívají dívky ty samé obavy. Následující rok bude náročný a v mnohém zcela zásadní... Příběh plný romantiky a dramat, inspirovaný klasickým románem Malé ženy Louisy May Alcottové, převádí témata lásky, války, dospívání a rodiny do jazyka jednadvacátého století. Nakladatelská anotace. 
655 7 |a americké romány  |7 fd131796  |2 czenas 
655 7 |a dívčí romány  |7 fd132186  |2 czenas 
655 7 |a publikace pro mládež  |7 fd133157  |2 czenas 
655 9 |a American fiction  |2 eczenas 
655 9 |a girls' novels  |2 eczenas 
655 9 |a juvenile literature  |2 eczenas 
700 1 |a Faltejsková, Lenka,  |d 1974-  |7 ola2003191643  |4 trl 
830 0 |a Yoli  |0 s 
910 2 |a BOA001  |b 1-1432.665 
920 |a 4491595  |z ABG001 
990 |a BK 
995 |a 01 
991 |b 201909  |c NOV 
996 6 |b 2610792330  |c 1-1432.665  |l MZK  |r Sklad / do 1 hodiny  |n 1  |p p.v.  |w 001750397  |u 000010  |a 1  |e BOA001  |j MZK50  |s P